[Event "Airthings Masters Play-In"]
[Site "chess.com INT"]
[Date "2023.02.03"]
[Round "9"]
[White "Keymer, Vincent"]
[Black "Antipov, M2."]
[Result "1-0"]
[WhiteElo "2690"]
[BlackElo "2581"]
[PlyCount "107"]
[EventDate "2023.02.03"]

1. Nf3 d5 2. e3 Nf6 3. c4 e6 4. Nc3 b6 5. cxd5 exd5 6. g3 Bb7 7. Bg2 Bd6 8. O-O O-O 9. b3 Nbd7 10. Bb2 a6 11. Rc1 Re8 12. Re1 ({RR} 12. Ne2 Rc8 13. Nfd4 c5 14. Nf5 Bf8 15. d4 g6 16. Nh4 Bg7 17. dxc5 bxc5 18. Nf3 a5 19. Nf4 Nb6 20. Qd3 c4 21. Qb1 Ba6 22. Rfd1 cxb3 23. axb3 Rxc1 24. Qxc1 Bb7 25. Qa1 Nbd7 26. Bd4 Qa8 {Artemiev,V (2716)-Sjugirov,S (2675) Cheliabinsk 2020 1-0}) 12... Rc8 ({RR} 12... Qe7 13. Re2 Ba3 14. Bxa3 Qxa3 15. d4 Qd6 16. Rec2 Re7 17. Ne1 Nf8 18. Nd3 Ng6 19. b4 h5 20. a3 h4 21. Ne2 hxg3 22. hxg3 Ne4 23. Nef4 Nxf4 24. Nxf4 g6 25. Qg4 Rd8 26. Nd3 Kg7 27. Qf4 {Keymer,V (2743)-Vokhidov,S (2596) chess.com INT 2024 1-0 (73)}) 13. Re2 Ne4 $146 ({RR} 13... c5 14. d4 c4 15. a4 Ne4 16. Nxe4 dxe4 17. Nd2 cxb3 18. Rxc8 Qxc8 19. Qxb3 Qa8 20. Ba3 Bd5 21. Qb2 Bxa3 22. Qxa3 Qc6 23. Re1 Qc2 24. Nb1 Qb3 25. Qxb3 Bxb3 26. Nd2 Bd5 27. Rc1 f5 28. Bf1 {Jacobson,B (2504)-Yan,R (2111) Philadelphia 2021 1-0 (42)}) ({RR} 13... Qe7 14. d3 Ba3 15. Bxa3 Qxa3 16. Rec2 c5 17. d4 c4 18. Nd2 cxb3 19. Nxb3 Qd6 20. Qd3 g6 21. a4 Kg7 22. a5 b5 {½-½ (22) Zhao,Y (2466)-Petr,M (2474) Plzen CZE 2025}) 14. d3 Nxc3 15. Bxc3 c5 16. Nh4 Nf6 17. Rec2 Bf8 18. Qf3 Rc6 19. Bb2 Ba8 20. b4 d4 21. e4 g6 22. Qd1 Nh5 23. Nf3 Bh6 24. Rb1 Ng7 25. bxc5 bxc5 26. Bc1 Bxc1 27. Rbxc1 Qd6 28. Qd2 Ne6 29. Bh3 Qc7 30. Bxe6 Rexe6 31. Qg5 f5 32. exf5 Rf6 33. Nh4 Qb7 34. f3 Qc7 35. fxg6 hxg6 36. Rxc5 Qf7 37. Qe5 Kh7 38. Qxd4 Rcd6 39. Qf2 Rd7 40. Rf1 Rxd3 41. Qc2 Re3 42. Rc7 Re7 43. Rxe7 Qxe7 44. Qc3 Rc6 45. Qd2 Rd6 46. Qf2 Re6 47. Rd1 Bc6 48. Qd4 Re1+ 49. Rxe1 Qxe1+ 50. Kg2 Qe2+ 51. Qf2 Qd3 52. Qa7+ Kh6 53. Qc5 Qe2+ 54. Kh3 1-0

[Event "Airthings Play-In Match"]
[Site "chess.com INT"]
[Date "2023.02.03"]
[Round "1.3"]
[White "Lenderman, A."]
[Black "Kamsky, G."]
[Result "1-0"]
[WhiteElo "2572"]
[BlackElo "2664"]
[PlyCount "123"]
[EventDate "2023.02.03"]
[EventType "k.o."]

1. Nf3 d5 2. e3 Nf6 3. c4 c6 4. Nc3 g6 5. d4 Bg7 6. Be2 O-O 7. O-O e6 8. Qc2 Nbd7 9. b3 Re8 ({RR} 9... b6 10. a4 Bb7 11. Ba3 Re8 12. cxd5 exd5 13. a5 c5 14. a6 Bc6 15. b4 cxd4 16. Nxd4 Rc8 17. Qb3 Ne5 18. Nxc6 Nxc6 19. Rad1 d4 20. Nb5 Qe7 21. Nxd4 Nxd4 22. Rxd4 Ne4 23. Rd3 Nc3 24. Bg4 {Nakamura,H (2787)-Van Foreest,J (2615) Douglas 2016 ½-½ (75)}) ({RR} 9... b6 10. Ba3 Re8 11. Rfd1 Bb7 12. Rac1 Qb8 13. Bb2 a6 14. Nd2 Qc7 15. b4 Rad8 16. a4 Qb8 17. b5 axb5 18. axb5 c5 19. Na4 cxd4 20. Bxd4 Ba8 21. cxd5 Rc8 22. Qb1 Bxd5 23. Bf3 e5 24. Bb2 {Seo,J (2452)-Smith,A (2424) Halmstad SWE 2024 ½-½ (41)}) 10. Bb2 a6 11. a4 a5 $146 ({RR} 11... c5 12. Rad1 b6 13. dxc5 dxc4 14. c6 cxb3 15. Qb1 Qc7 16. cxd7 Bxd7 17. Ba1 Bc6 18. Qxb3 Rac8 19. h3 Qb7 20. Rb1 Rb8 21. Ne1 Nd7 22. Bf3 Nc5 23. Qc4 Rec8 24. Bxc6 Rxc6 25. Qb4 Qc7 26. Ne2 {Von Janta,L-Stecklina,O (1724) Wingst 1998 1-0 (31)}) 12. Rac1 b6 13. cxd5 exd5 14. Rfd1 Bb7 15. Bd3 Qe7 16. Ne2 Rac8 17. Nf4 Ne4 18. Bf1 Qd6 19. Qb1 g5 20. Nh5 Bh8 21. Ng3 Qg6 22. Nxe4 dxe4 23. Nd2 Nf6 24. Nc4 Nd5 25. Ne5 Qe6 26. Be2 f6 27. Bg4 f5 28. Be2 c5 29. Nc4 f4 30. dxc5 Bxb2 31. Qxb2 Rxc5 32. Qd4 Rf8 33. Bf1 h5 34. Nd2 fxe3 35. fxe3 Rxc1 36. Rxc1 Re8 37. Bc4 Kh7 38. Rf1 Kg6 39. Nxe4 Qe5 40. Qxe5 Rxe5 41. Nd6 Bc6 42. Bd3+ Kg7 43. Rf7+ Kg8 44. Rf5 Rxf5 45. Nxf5 Kf7 46. Kf2 Kf6 47. Ng3 h4 48. Ne4+ Kg6 49. Bb1 Nb4 50. Nd2+ Kf6 51. Nc4 Bd5 52. Nxb6 Bxb3 53. Nd7+ Ke7 54. Nc5 Bd5 55. Ne4 Bxe4 56. Bxe4 Kf6 57. Kf3 Ke5 58. Bb1 Nd5 59. Bd3 Nb4 60. Bc4 Nc2 61. Ke2 Nb4 62. Kd2 1-0

[Event "Airthings Masters Div 2 L"]
[Site "chess.com INT"]
[Date "2023.02.07"]
[Round "1.3"]
[White "Dubov, Daniil"]
[Black "Sadhwani, Raunak"]
[Result "1-0"]
[WhiteElo "2708"]
[BlackElo "2627"]
[PlyCount "83"]
[EventDate "2023.02.07"]

1. Nf3 d5 2. g3 g6 3. Bg2 Bg7 4. O-O e5 5. d3 Nc6 6. Nc3 Nge7 7. e4 dxe4 8. dxe4 Bg4 9. Be3 Nd4 10. Bxd4 exd4 11. Ne2 Nc6 12. Nf4 O-O $146 ({RR} 12... h5 13. h3 Bxf3 14. Qxf3 h4 15. Nd3 Ne5 16. Nxe5 Bxe5 17. Qb3 O-O 18. f4 Bg7 19. e5 d3 20. Rad1 Qd4+ 21. Kh1 d2 22. gxh4 Rad8 23. h5 gxh5 24. Qf3 Rfe8 25. Qe2 h4 26. Be4 Kf8 27. c3 {Aravindh,C (2698)-Dardha,D (2604) Vrnjacka Banja SRB 2024 1-0 (42)}) 13. h3 Bxf3 14. Bxf3 Ne5 15. Bg2 h5 16. h4 Qd6 17. Nd3 Qb6 18. Nxe5 Bxe5 19. Qd3 Bg7 20. f4 c5 21. b3 Qa6 22. Qxa6 bxa6 23. e5 Rad8 24. Be4 Rfe8 25. Bd3 a5 26. Kg2 Re7 27. Rae1 Rde8 28. Bb5 Rd8 29. Bc4 Kf8 30. f5 Bxe5 31. fxg6 f6 32. Rf5 Kg7 33. Rxh5 Kxg6 34. g4 Kg7 35. Rf5 a4 36. g5 axb3 37. axb3 Rde8 38. Bb5 Rh8 39. Kh3 Rf7 40. Kg4 Bd6 41. Bc4 Rff8 42. Re6 1-0

[Event "Airthings Masters Div 2 L"]
[Site "chess.com INT"]
[Date "2023.02.09"]
[Round "6.3"]
[White "Yu Yangyi"]
[Black "Yakubboev, Nodirbek"]
[Result "1-0"]
[WhiteElo "2729"]
[BlackElo "2630"]
[PlyCount "157"]
[EventDate "2023.02.07"]

1. Nf3 Nf6 2. g3 g6 3. Bg2 Bg7 4. c4 O-O 5. Nc3 Nc6 6. O-O d6 7. d3 e5 8. Rb1 a5 9. b3 Re8 10. Bb2 h6 ({RR} 10... Bf5 11. e4 Bd7 12. h3 Nb4 13. a3 Na6 14. Re1 Nc5 15. Nd5 Nxd5 16. cxd5 Bb5 17. Bf1 Qd7 18. Qc2 f5 19. h4 b6 20. Rbc1 Rf8 21. Nd2 Bh6 22. Rcd1 Qf7 23. d4 Bxf1 24. Rxf1 exd4 25. Bxd4 {Yu Yangyi (2729)-Weichhold,P (2430) chess.com INT 2023 1-0 (85)}) 11. h3 Be6 12. e4 Nd7 ({RR} 12... Nh7 13. Nd5 Nb4 14. d4 c6 15. Nxb4 axb4 16. dxe5 dxe5 17. Nxe5 Rxa2 18. Qc1 Qa5 19. Nd3 Bxb2 20. Rxb2 Rxb2 21. Qxb2 Qa3 22. Qc2 Rd8 23. Kh2 Nf6 24. Nc5 Bc8 25. Rd1 Re8 26. f4 Qa5 27. Qf2 {Kaldarova,A (2231)-Gulkov,I (2358) chess.com INT 2024 0-1 (40)}) 13. Qd2 $146 ({RR} 13. Nb5 Nc5 14. d4 exd4 15. Nfxd4 Bd7 16. Nxc6 Bxc6 17. Bxg7 Kxg7 18. Qd4+ Kh7 19. Rfe1 Re7 20. Re3 Qh8 21. Qd2 Bxb5 22. cxb5 b6 23. Rbe1 Rae8 24. a3 Ne6 25. b4 axb4 26. axb4 Qe5 27. Bf1 Qd4 {Morozevich,A (2739)-Tomashevsky,E (2706) Tromsoe 2013 ½-½ (48)}) 13... Nc5 14. Nd5 Nb4 15. Nxb4 axb4 16. Ra1 Ra6 17. Rfe1 Bd7 18. Bf1 Qa8 19. Qxb4 Rxa2 20. Qc3 Rxa1 21. Rxa1 Qc8 22. Kh2 f5 23. exf5 Bxf5 24. b4 Ne6 25. Qc2 g5 26. Bg2 Rf8 27. Nd2 c6 28. Ne4 Qd8 29. Re1 Bg6 30. Re2 Kh7 31. c5 dxc5 32. bxc5 b6 33. cxb6 Qxb6 34. Qc4 c5 35. Bc3 Nd4 36. Rb2 Qe6 37. Qxe6 Nxe6 38. Rb7 Nd4 39. Bxd4 cxd4 40. Kg1 Rf7 41. Rb5 Ra7 42. Bf3 Ra3 43. Nc5 Rxd3 44. Nxd3 Bxd3 45. Rb6 e4 46. Bg4 e3 47. fxe3 dxe3 48. Rd6 Bb5 49. Bf5+ Kg8 50. Bd3 Be8 51. Rd8 Kf7 52. Bg6+ Kxg6 53. Rxe8 h5 54. g4 hxg4 55. hxg4 Bc3 56. Kg2 Bd2 57. Kf3 Kf7 58. Re4 Kf6 59. Ke2 Kf7 60. Kd3 Kf6 61. Kd4 Bc1 62. Kd5 Bd2 63. Re5 Kf7 64. Re6 Kg7 65. Kd6 Kf7 66. Kd7 Bc1 67. Re5 Bd2 68. Re4 Kf6 69. Kd6 Bc1 70. Re6+ Kf7 71. Ke5 Bd2 72. Kf5 Kg7 73. Re4 Kf7 74. Re5 Kf8 75. Kg6 Bc1 76. Rxg5 Ke7 77. Re5+ Kd6 78. Kf5 Bd2 79. g5 1-0

[Event "Airthings Masters Div 3 L"]
[Site "chess.com INT"]
[Date "2023.02.06"]
[Round "1.2"]
[White "Demidov, M."]
[Black "Keymer, Vincent"]
[Result "1-0"]
[WhiteElo "2575"]
[BlackElo "2690"]
[PlyCount "95"]
[EventDate "2023.02.06"]

1. Nf3 d5 2. g3 c5 3. Bg2 Nf6 4. c4 d4 5. b4 cxb4 6. a3 e6 ({RR} 6... bxa3 7. Bxa3 Nc6 8. d3 g6 9. Nbd2 Bg7 10. Ra2 O-O 11. Qa1 Ne8 12. O-O Nc7 13. Rb1 Ne6 14. Nb3 Rb8 15. Bb2 b6 16. Nfd2 Bb7 17. Bxc6 Bxc6 18. Rxa7 Re8 19. Nf3 Bxf3 20. exf3 b5 21. cxb5 {Vachier Lagrave,M (2742)-Wojtaszek,R (2698) Germany 2014 ½-½ (38)}) ({RR} 6... b3 7. O-O Nc6 8. d3 g6 9. Nbd2 Bg7 10. Nxb3 O-O 11. a4 Re8 12. a5 a6 13. Bb2 e5 14. Nfd2 h5 15. Ba3 h4 16. Nc5 Bf8 17. Nce4 Bg4 18. Bxf8 Rxf8 19. Nxf6+ Qxf6 20. Ne4 Qe7 21. c5 {Damjanovic,V (2368)-Zeman,M (2317) chess.com INT 2025 1-0 (34)}) 7. axb4 Bxb4 $146 ({RR} 7... a5 8. bxa5 Bc5 9. O-O Rxa5 10. Rxa5 Qxa5 11. Qb3 Nc6 12. Na3 O-O 13. Nb5 e5 14. d3 h6 15. Bb2 Be6 16. Ra1 Qb6 17. Nd2 Nb4 18. Qa4 Bd7 19. Ba3 Nc6 20. Bxc5 Qxc5 21. Qa3 Qxa3 22. Rxa3 {Bogumil,T (2198)-Fink Nunn,P (1965) Assisi ITA 2022 1-0 (44)}) 8. Qa4+ Nc6 9. Ne5 Rb8 10. Bxc6+ bxc6 11. Nxc6 Bd7 12. Nxd8 Bxa4 13. Rxa4 Kxd8 14. Rxa7 Bc5 15. Ra1 Kd7 16. d3 Ra8 17. Rxa8 Rxa8 18. Nd2 Ra2 19. O-O Kc6 20. Rd1 Nd7 21. Kf1 e5 22. f4 exf4 23. gxf4 Ra1 24. Nb3 Rb1 25. Nd2 Ra1 26. Ke1 f5 27. Nf3 Ra2 28. Bd2 Nf8 29. Ng5 h6 30. Nf3 Ra8 31. Kf2 Ra2 32. Rg1 g6 33. h4 h5 34. Ne5+ Kc7 35. Be1 Ra6 36. Kf3 Kd8 37. Bf2 Ke7 38. Rb1 Kf6 39. Rb5 Ba7 40. Rb7 Bc5 41. Rb5 Ba7 42. c5 Ne6 43. c6 Ke7 44. Nxg6+ Kd6 45. Rxf5 Rxc6 46. Rxh5 Rc8 47. Rh7 Bc5 48. f5 1-0

[Event "Airthings Masters Div 3 L"]
[Site "chess.com INT"]
[Date "2023.02.06"]
[Round "1.3"]
[White "Demidov, M."]
[Black "Keymer, Vincent"]
[Result "1-0"]
[WhiteElo "2575"]
[BlackElo "2690"]
[PlyCount "99"]
[EventDate "2023.02.06"]

1. Nf3 d5 2. g3 Bg4 3. Ne5 Bf5 4. Bg2 c6 5. d4 Nd7 6. O-O e6 7. c4 Ngf6 8. Nc3 Be7 9. Qb3 Qb6 10. Nxd7 Nxd7 11. e4 dxe4 12. Nxe4 O-O 13. Be3 Nf6 $146 ({RR} 13... Rfd8 14. h3 Nf6 15. Nc5 Rab8 16. Qc3 a5 17. a3 Ra8 18. b4 Qc7 19. Bf4 Bd6 20. Bxd6 Rxd6 21. bxa5 Nd7 22. Nb3 c5 23. Nxc5 Nxc5 24. dxc5 Qxc5 25. Qb4 Rxa5 26. Rad1 Rxd1 27. Rxd1 h5 28. Qxb7 {Hautot,S (2337)-Van der Stricht,G (2365) Bruges 2022 1-0 (37)}) 14. Nc5 Bxc5 15. dxc5 Qc7 16. Qc3 Rfe8 17. Rfd1 Rad8 18. Bf4 Rxd1+ 19. Rxd1 e5 20. Bg5 Ne4 21. Qf3 Nxg5 22. Qxf5 Ne6 23. b4 a5 24. a3 h6 25. Rd6 axb4 26. axb4 Nf8 27. h4 Qe7 28. b5 e4 29. bxc6 bxc6 30. Rxc6 e3 31. fxe3 Qxe3+ 32. Kh2 Ne6 33. Bd5 Qe2+ 34. Kh3 h5 35. Rb6 g6 36. Qf6 Qg4+ 37. Kg2 Qe2+ 38. Qf2 Nf4+ 39. gxf4 Qg4+ 40. Kh2 Re7 41. Rb2 Ra7 42. Qg3 Qf5 43. Qg5 Qd3 44. Qh6 Ra8 45. Bxa8 Qd8 46. Bf3 Qxh4+ 47. Kg2 Qd8 48. c6 Qc7 49. Bd5 Qd6 50. c7 1-0

[Event "Titled Tue 7th Feb Early"]
[Site "chess.com INT"]
[Date "2023.02.07"]
[Round "3"]
[White "Terry, R."]
[Black "Tan Zhongyi"]
[Result "1-0"]
[WhiteElo "2520"]
[BlackElo "2530"]
[PlyCount "81"]
[EventDate "2023.02.07"]

1. Nf3 c5 2. b3 d5 3. Bb2 f6 4. c4 d4 5. b4 e5 6. bxc5 Bxc5 7. d3 Nc6 8. g3 Nh6 ({RR} 8... f5 9. Bg2 Nf6 10. O-O O-O 11. Nbd2 h6 12. Nb3 Bb6 13. a4 Kh8 14. Nfd2 Na5 15. Ba3 Re8 16. c5 Bc7 17. Nxa5 Bxa5 18. Nc4 Bc7 19. Nd6 Bxd6 20. cxd6 Be6 21. Bxb7 Rb8 22. Bg2 Nd5 23. Qd2 {Yadegar,R (2401)-Sakhayi,M (2166) chess.com INT 2025 1-0 (49)}) 9. Bg2 O-O 10. Nbd2 $146 ({RR} 10. O-O Nf7 11. Ba3 Bxa3 12. Nxa3 Qe7 13. Nc2 Rd8 14. Re1 Rb8 15. Qc1 b6 16. Qa3 Qxa3 17. Nxa3 Nd6 18. Rab1 Bd7 19. Nd2 Rdc8 20. Nb5 Nxb5 21. Rxb5 Na5 22. Rb2 Nb7 23. Bxb7 Rxb7 24. f4 Bc6 {Saraci,N (2486)-Najer,E (2661) Warsaw 2021 0-1 (59)}) 10... Be6 11. O-O Qd7 12. Nb3 Be7 13. a4 a5 14. Nfd2 Bh3 15. Bd5+ Kh8 16. Re1 Nb4 17. Bh1 f5 18. Nf3 Bf6 19. Ba3 Ng4 20. Nxa5 e4 21. Bxb4 Rfe8 22. dxe4 fxe4 23. e3 dxe3 24. fxe3 exf3 25. Bxf3 Ne5 26. Bg2 Nd3 27. Bxh3 Qxh3 28. Qxd3 Bxa1 29. Rxa1 Rad8 30. Qe2 Re5 31. Nxb7 Rde8 32. Nd6 Rxe3 33. Qf1 Rxg3+ 34. hxg3 Qxg3+ 35. Qg2 Qe3+ 36. Qf2 Qg5+ 37. Kf1 Qh5 38. Nxe8 Qh1+ 39. Ke2 Qe4+ 40. Kd2 h6 41. Qf8+ 1-0

[Event "Titled Tue 7th Feb Early"]
[Site "chess.com INT"]
[Date "2023.02.07"]
[Round "4"]
[White "Rakhmanov, Ale"]
[Black "Indjic, A."]
[Result "1-0"]
[WhiteElo "2635"]
[BlackElo "2641"]
[PlyCount "49"]
[EventDate "2023.02.07"]

1. Nf3 d5 2. g3 Nc6 3. d4 Bf5 4. Bg2 Nb4 5. Na3 e6 6. c3 Nc6 7. Qb3 Rb8 8. O-O ({RR} 8. Nh4 Bg4 9. h3 Bh5 10. e4 Nf6 11. exd5 Nxd5 12. O-O Be7 13. Nf5 Bf6 14. Ne3 Nxe3 15. Bxe3 O-O 16. Qb5 Bg6 17. Rad1 Ne7 18. Qe2 Nd5 19. Bc1 c6 20. Nc4 Qc7 21. h4 h6 22. Ne5 Bxe5 {Gelfand,B (2678)-Aronian,L (2745) Astana KAZ 2023 ½-½ (59)}) ({RR} 8. Nh4 Be4 9. f3 Bg6 10. Nxg6 hxg6 11. e4 Nf6 12. Bg5 Be7 13. Bxf6 gxf6 14. exd5 exd5 15. Nc2 Na5 16. Qb5+ c6 17. Qe2 Nc4 18. b3 Nd6 19. O-O Kf8 20. Ne1 Qa5 21. Rc1 Nf5 22. b4 Qc7 {Indjic,A (2611)-Erigaisi,A (2778) Budapest HUN 2024 0-1 (40)}) 8... h5 $146 ({RR} 8... Be7 9. Re1 Be4 10. Bh3 Nf6 11. Bg5 Nd7 12. Bxe7 Qxe7 13. Nd2 Bg6 14. e4 dxe4 15. Nxe4 O-O 16. Bg2 Rfd8 17. Rad1 Bh5 18. Rc1 b6 19. Nb5 Na5 20. Qa4 Rb7 21. b4 Nc6 22. Nd2 Ndb8 23. d5 {Donchenko,A (2631)-Krstulovic,A (2444) chess.com INT 2024 1-0}) ({RR} 8... Be7 9. Nc2 Nf6 10. Nh4 Be4 11. Bg5 Na5 12. Qa4+ c6 13. Ne3 b5 14. Qd1 Bxg2 15. Nhxg2 O-O 16. Bxf6 Bxf6 17. Ng4 Be7 18. Ne5 Qc7 19. Qc2 Nc4 20. Nd3 c5 21. Rfc1 Rfc8 22. Qd1 Qb6 23. e3 {Jumabayev,R (2549)-Mekhitarian,K (2564) chess.com INT 2025 ½-½ (63)}) 9. h4 Nf6 10. Ne5 Nxe5 11. dxe5 Nd7 12. c4 Nc5 13. Qd1 c6 14. Be3 a5 15. Rc1 Ne4 16. cxd5 exd5 17. Nc2 c5 18. Bf4 g5 19. hxg5 d4 20. e6 Nxg5 21. Bxb8 Qxb8 22. Nxd4 Bg4 23. Nc6 Qc7 24. Qd7+ Qxd7 25. exd7+ 1-0

[Event "Titled Tue 7th Feb Early"]
[Site "chess.com INT"]
[Date "2023.02.07"]
[Round "7"]
[White "Rakhmanov, Ale"]
[Black "Timofeev, Arty"]
[Result "1-0"]
[WhiteElo "2635"]
[BlackElo "2567"]
[PlyCount "63"]
[EventDate "2023.02.07"]

1. Nf3 c5 2. g3 Nc6 3. Bg2 e5 4. e4 g6 5. O-O Bg7 6. c3 Nge7 7. Na3 O-O 8. d4 cxd4 9. cxd4 exd4 10. Nb5 d5 11. exd5 Nxd5 12. Nbxd4 $146 ({RR} 12. Nfxd4 Nxd4 13. Nxd4 Nb6 14. Nb5 Qxd1 15. Rxd1 Bg4 16. Re1 Rfe8 17. Be3 Rad8 18. Nxa7 Nc4 19. Bg5 f6 20. Rxe8+ Rxe8 21. Bf4 Nxb2 22. Bxb7 h5 23. a4 Kh7 24. a5 Nd3 25. Be3 f5 26. Rb1 Ne5 {Piesik,P (2400)-Grandelius,N (2663) Chess.com INT 2020 ½-½ (55)}) 12... Ndb4 13. Be3 Bg4 14. Nxc6 Nxc6 15. Qb3 Qe7 16. Rac1 Rac8 17. Bc5 Qe6 18. Qxe6 Bxe6 19. Bxf8 Rxf8 20. b3 h6 21. Rfd1 a5 22. h3 a4 23. bxa4 Ra8 24. Rb1 Rxa4 25. Rxb7 Rxa2 26. Rc7 Ne5 27. Rd8+ Kh7 28. Nd4 Ra1+ 29. Kh2 Ra6 30. Nxe6 Rxe6 31. f4 Bf6 32. Rd1 1-0

[Event "Titled Tue 7th Feb Early"]
[Site "chess.com INT"]
[Date "2023.02.07"]
[Round "8"]
[White "Daneshvar, Bardiya"]
[Black "Kamsky, G."]
[Result "1-0"]
[WhiteElo "2510"]
[BlackElo "2664"]
[PlyCount "99"]
[EventDate "2023.02.07"]

1. Nf3 d5 2. e3 Nf6 3. c4 g6 4. cxd5 Bg7 ({RR} 4... Nxd5 5. d4 Bg7 6. e4 Nb6 7. Be2 O-O 8. O-O c5 9. d5 e6 10. Nc3 exd5 11. exd5 Bxc3 12. bxc3 Qxd5 13. Nd2 Qe5 14. a4 Rd8 15. Ra3 Nc6 16. a5 Nd5 17. Nc4 Qf6 18. Qb3 Nf4 19. Bf3 {Grischuk,A (2772)-Mamedyarov,S (2799) Riadh 2017 ½-½ (87)}) ({RR} 4... Nxd5 5. Nc3 Bg7 6. Qb3 Nb6 7. h4 c5 8. Ng5 O-O 9. h5 h6 10. Nxf7 Qd7 11. Nxh6+ Kh7 12. hxg6+ Kxg6 13. Qc2+ Kf6 14. Ne4+ Ke5 15. Rh5+ {1-0 (15) Ambartsumova,K (2405)-Shukhman,A (2365) chess.com INT 2025}) 5. Qa4+ $146 ({RR} 5. e4 O-O 6. Nc3 e6 7. dxe6 Bxe6 8. d4 Re8 9. Bb5 c6 10. Bd3 Nxe4 11. Bxe4 Bd5 12. Ne5 Bxe4 13. Nxe4 f6 14. Qb3+ Qd5 15. Qxd5+ cxd5 16. Nd6 Re7 17. f4 fxe5 18. fxe5 Nc6 19. Be3 Nxe5 {Cardoso Cardoso,J (2502)-Escartin Lacasa,J (2277) Chess.com INT 2022 ½-½ (63)}) 5... Nbd7 6. e4 O-O 7. Qc2 Re8 8. Nc3 Nf8 9. Bb5 Bd7 10. Bxd7 N6xd7 11. d4 e6 12. dxe6 Nxe6 13. Be3 c5 14. dxc5 Nexc5 15. O-O Bxc3 16. bxc3 Nxe4 17. Rad1 Qc7 18. Nd4 Nxc3 19. Rc1 Rac8 20. Qb3 Qc4 21. Qxb7 Nc5 22. Qxa7 Qxa2 23. Qxa2 Nxa2 24. Rc4 Nd3 25. Rxc8 Rxc8 26. h3 Nc3 27. Nf3 f5 28. Ra1 f4 29. Bd4 Ne2+ 30. Kf1 Nxd4 31. Nxd4 Rc4 32. Ne6 Rc2 33. f3 h6 34. Ra7 Rf2+ 35. Kg1 g5 36. Rg7+ Kh8 37. Rg6 Kh7 38. Nf8+ Kh8 39. Rxh6+ Kg7 40. Rd6 Kxf8 41. Rxd3 Rb2 42. Rd5 Kf7 43. Rxg5 Kf6 44. Ra5 Rc2 45. Kh2 Rc8 46. Ra6+ Kf5 47. Ra5+ Kf6 48. h4 Rg8 49. Rb5 Rg7 50. Rb8 1-0

[Event "Titled Tue 7th Feb Late"]
[Site "chess.com INT"]
[Date "2023.02.07"]
[Round "4"]
[White "So, W."]
[Black "Dardha, Daniel"]
[Result "1-0"]
[WhiteElo "2766"]
[BlackElo "2612"]
[PlyCount "109"]
[EventDate "2023.02.07"]

1. Nf3 d5 2. g3 b6 3. Bg2 Bb7 4. c4 dxc4 5. Qa4+ Nd7 6. Qxc4 e6 7. O-O Ngf6 8. d4 c5 9. Nc3 cxd4 10. Nxd4 Bxg2 11. Kxg2 Qc8 12. Qxc8+ Rxc8 13. Rd1 a6 14. Bg5 $146 ({RR} 14. Nb3 Be7 15. Bf4 e5 16. Be3 Ng4 17. Bc1 Ngf6 18. Be3 Rc6 19. Rac1 Bd8 20. Nd5 Rxc1 21. Nxf6+ Nxf6 22. Rxc1 Kd7 23. h3 Nd5 24. Bd2 Be7 25. a3 a5 26. Kf3 a4 27. Na1 b5 28. Nc2 Rc8 {Miles,R (1960)-Jones,I (2206) Fishguard 2018 0-1 (68)}) 14... Bb4 15. Bd2 O-O 16. a3 Bxc3 17. Bxc3 Nc5 18. Rac1 Nd5 19. Bb4 h6 20. Bxc5 Rxc5 21. Rxc5 bxc5 22. Nc6 Rc8 23. Na5 c4 24. Rc1 Nb6 25. Kf3 Rc5 26. Nb7 Rd5 27. Rc2 f5 28. e4 Rd3+ 29. Ke2 Rd4 30. Nc5 Kf7 31. Ke3 Rd1 32. Ke2 Rd4 33. exf5 exf5 34. Nxa6 Na4 35. Nc7 Re4+ 36. Kd2 Rd4+ 37. Ke3 Rd3+ 38. Ke2 Rb3 39. Rxc4 Rxb2+ 40. Kf1 Nb6 41. Rc5 g6 42. Rb5 Rxb5 43. Nxb5 Ke6 44. Ke2 Ke5 45. Kd3 g5 46. Nc3 g4 47. a4 f4 48. a5 Nd7 49. Kc4 Nb8 50. Kc5 h5 51. Kb6 fxg3 52. fxg3 Kd4 53. Kb7 Nd7 54. Na4 Kd5 55. a6 1-0

[Event "Dutch League 2022-23"]
[Site "Netherlands NED"]
[Date "2023.02.11"]
[Round "6.3"]
[White "Warmerdam, Max"]
[Black "Van Foreest, Jorden"]
[Result "1-0"]
[WhiteElo "2611"]
[BlackElo "2691"]
[PlyCount "109"]
[EventDate "2022.09.17"]
[EventType "tourn"]
[WhiteTeam "Amevo Apeldoorn 1"]
[BlackTeam "Groninger Combinatie 1"]

1. Nf3 d5 2. g3 Nd7 3. Bg2 e5 4. d3 Ngf6 5. O-O Bd6 6. c4 c6 7. cxd5 cxd5 8. e4 O-O ({RR} 8... d4 9. Nh4 O-O 10. Nf5 Bc7 11. f4 Nb6 12. fxe5 Bxe5 13. Nd2 g6 14. Nh6+ Kg7 15. Nf3 Qe7 16. Bg5 Qe6 17. Nxe5 Qxe5 18. Bxf6+ {1-0 (18) Warmerdam,M (2614)-Ibadov,D (2398) chess.com INT 2023}) 9. exd5 Nxd5 10. Re1 Re8 ({RR} 10... N5f6 11. Nc3 h6 12. d4 exd4 13. Nxd4 Nc5 14. Ndb5 Bb8 15. Be3 Ne6 16. Qb3 a6 17. Rad1 Qe7 18. Nd4 Be5 19. Nf5 Qe8 20. Bxh6 Nc5 21. Nxg7 Nxb3 22. Nxe8 Rxe8 23. axb3 Bg4 24. Rc1 Bd4 25. Bxb7 {Grischuk,A (2777)-Caruana,F (2822) Chess.com INT 2020 1-0 (49)}) 11. Nbd2 $146 ({RR} 11. d4 exd4 12. Rxe8+ Qxe8 13. Qxd4 N7f6 14. Nc3 Nxc3 15. bxc3 Bc7 16. c4 Qd7 17. Bb2 Qxd4 18. Nxd4 Bd7 19. Nb5 Bb6 20. Bxb7 Rb8 21. Bf3 Ng4 22. Bd4 a6 23. Bxb6 axb5 24. Ba7 Re8 25. cxb5 Ne5 {Petr,M (2503)-Stillger,B (2255) Prague 2021 1-0}) 11... Bc7 12. Nc4 h6 13. Bd2 b6 14. Qb3 Nc5 15. Qc2 Bf5 16. Ncxe5 Bxe5 17. Nxe5 Qd6 18. Qc4 Be6 19. b4 Nd7 20. Qc6 Qxc6 21. Nxc6 N7f6 22. Re5 Rac8 23. Nd4 Nc7 24. Rc1 Rcd8 25. Rxc7 Rxd4 26. Bf1 Rd7 27. Rc2 Red8 28. f3 Ne8 29. Kf2 Nc7 30. g4 f6 31. Re1 Bf7 32. Rec1 Ne8 33. Rc8 h5 34. Rxd8 Rxd8 35. a4 Bg6 36. Be3 hxg4 37. fxg4 Rd7 38. Rc8 Kh7 39. Ra8 Nd6 40. h4 Bf7 41. Bg2 Rc7 42. Bf3 Rc2+ 43. Ke1 Bg6 44. Be2 Rc3 45. Kd2 Rb3 46. h5 Bf7 47. b5 Rb2+ 48. Ke1 Rb1+ 49. Kf2 Bb3 50. Bf4 Nf7 51. Bf3 g5 52. hxg6+ Kxg6 53. Be4+ Kg7 54. Rxa7 Be6 55. Be3 1-0

[Event "WR Chess Masters 2023"]
[Site "Dusseldorf GER"]
[Date "2023.02.16"]
[Round "1.2"]
[White "So, W."]
[Black "Duda, J."]
[Result "1-0"]
[WhiteElo "2766"]
[BlackElo "2729"]
[PlyCount "95"]
[EventDate "2023.02.16"]

1. Nf3 d5 2. g3 Nf6 3. Bg2 c5 4. O-O Nc6 5. d4 e6 6. c4 dxc4 7. Qa4 Bd7 8. Qxc4 cxd4 9. Nxd4 Rc8 10. Nc3 Nxd4 11. Qxd4 Bc5 12. Qh4 Bc6 13. Rd1 Qb6 14. Bxc6+ Rxc6 15. Bh6 Bf8 16. Rd3 Nd5 $146 ({RR} 16... e5 17. Be3 Qa5 18. Rad1 Be7 19. b4 Qc7 20. Nb5 Qb8 21. Bxa7 Qa8 22. Ra3 O-O 23. Bc5 Qe8 24. Nd6 Qd7 25. Rad3 Qe6 26. Nxb7 e4 27. Rd8 Rc8 28. Bxe7 Qxe7 29. Rxc8 Rxc8 30. Nc5 e3 31. f3 {Bernadskiy,V (2530)-Psyk,R (2452) Polanica Zdroj POL 2023 1-0 (59)}) 17. Nxd5 exd5 18. Be3 Qxb2 19. Bd4 Qb4 20. Rb3 Qe7 21. Qxe7+ Kxe7 22. Rxb7+ Ke6 23. Rb8 h5 24. Rab1 h4 25. Kg2 Kf5 26. Kf3 hxg3 27. hxg3 Rc4 28. e3 Rc2 29. R1b5 Kg6 30. Rxd5 Rxa2 31. Rdd8 Rh2 32. Rxf8 Raxf2+ 33. Ke4 f6 34. Rb7 a6 35. Ra8 Ra2 36. Raa7 Rh7 37. Kf3 Ra5 38. Rb6 Rg5 39. Kg2 a5 40. e4 Rg4 41. Kf3 Rg5 42. Be3 Re5 43. Bf4 Rc5 44. e5 Rh8 45. Rba6 Rd8 46. exf6 gxf6 47. Rxa5 Rc3+ 48. Kg4 1-0